Monte Alban Mitla (Record no. 9713)

MARC details
000 -CABECERA
campo de control de longitud fija 00589nam a2200205 a 4500
001 - NÚMERO DE CONTROL
campo de control BRL_901
005 - FECHA Y HORA DE LA ÚLTIMA TRANSACCIÓN
campo de control 20190320210939.0
008 - DATOS DE LONGITUD FIJA--INFORMACIÓN GENERAL
campo de control de longitud fija 231013s1957----mx-a######---#000-0#spa-#
041 ## - CÓDIGO DE LENGUA
Código de lengua del texto/banda sonora o título independiente spa
044 ## - CÓDIGO DEL PAÍS DE LA ENTIDAD EDITORA/PRODUCTORA
Código MARC del país mx
050 #4 - SIGNATURA TOPOGRÁFICA DE LA BIBLIOTECA DEL CONGRESO
Número de clasificación F1219.1O11
Número de documento/Ítem .M66 1957
245 10 - MENCIÓN DE TÍTULO
Título Monte Alban Mitla
Resto del título Guia Oficial
260 ## - PUBLICACIÓN, DISTRIBUCIÓN, ETC.
Lugar de publicación, distribución, etc. México, D.F.
Nombre del editor, distribuidor, etc. Instituto Nacional de Antropología e Historia
Fecha de publicación, distribución, etc. 1957
300 ## - DESCRIPCIÓN FÍSICA
Extensión 39 p.
Otras características físicas il.
Dimensiones 20 cm.
500 ## - NOTA GENERAL
Nota general Au1052
651 #4 - PUNTO DE ACCESO ADICIONAL DE MATERIA--NOMBRE GEOGRÁFICO
Nombre geográfico Monte Albán, Sitio (Oaxaca, México)
Subdivisión de forma Guías
9 (RLIN) 25276
651 #4 - PUNTO DE ACCESO ADICIONAL DE MATERIA--NOMBRE GEOGRÁFICO
Nombre geográfico Mitla (Oaxaca, México)
Subdivisión de forma Guías
9 (RLIN) 25277
902 ## - CATALOGADOR
Iniciales GRL
942 ## - ELEMENTOS DE PUNTO DE ACCESO ADICIONAL (KOHA)
Fuente del sistema de clasificación o colocación Library of Congress Classification
Tipo de ítem Koha Libros
Holdings
Estado de retiro Estado de pérdida Estado dañado No para préstamo Localización permanente Ubicación/localización actual Fecha de adquisición Número de inventario Total de préstamos Signatura topográfica completa Código de barras Fecha visto por última vez Precio válido a partir de Tipo de ítem Koha
El ejemplar forma parte de la colección y puede ser consultado según las políticas vigentes.       Biblioteca Centro de Estudios Ruth D. Lechuga Biblioteca Centro de Estudios Ruth D. Lechuga 23/10/2013 Au1052   F1219.1O11 .M66 1957 (Au1052) GRL00972 22/03/2019 22/03/2019 Libros